[Event "European Women's Championship"]
[Site "Vysoke Tatry"]
[Date "2018.04.09"]
[Round "2"]
[White "Froewis, Annika"]
[Black "Schleining, Zoya"]
[Result "0-1"]
[Board "42"]
[WhiteElo "2113"]
[WhiteTitle "WFM"]
[WhiteCountry "AUT"]
[WhiteFideId "1621432"]
[WhiteEloChange "-4"]
[BlackElo "2382"]
[BlackTitle "IM"]
[BlackCountry "GER"]
[BlackFideId "4671660"]
[BlackEloChange "4"]

1. e4 {[%clk 1:30:58]} c6 {[%clk 1:30:51]} 2. d4 {[%clk 1:31:23]} d5 {[%clk
1:31:15]} 3. Nc3 {[%clk 1:31:49]} dxe4 {[%clk 1:31:38]} 4. Nxe4 {[%clk 1:32:15]}
Nf6 {[%clk 1:32:01]} 5. Nxf6+ {[%clk 1:32:03]} exf6 {[%clk 1:32:24]} 6. c3 {[%clk
1:31:20]} Bd6 {[%clk 1:32:43]} 7. Bd3 {[%clk 1:31:27]} O-O {[%clk 1:33:01]} 8.
Qc2 {[%clk 1:31:13]} Re8+ {[%clk 1:33:23]} 9. Ne2 {[%clk 1:31:24]} h5 {[%clk
1:33:40]} 10. Bd2 {[%clk 1:16:00]} Nd7 {[%clk 1:33:07]} 11. O-O-O {[%clk
1:11:33]} Nf8 {[%clk 1:32:45]} 12. Ng3 {[%clk 1:04:09]} Be6 {[%clk 1:23:39]} 13.
Kb1 {[%clk 1:02:50]} Qa5 {[%clk 1:08:41]} 14. b3 {[%clk 1:01:36]} Qc7 {[%clk
1:05:48]} 15. Bc1 {[%clk 0:51:35]} a5 {[%clk 0:56:32]} 16. Rde1 {[%clk 0:47:21]}
a4 {[%clk 0:41:31]} 17. b4 {[%clk 0:42:23]} b6 {[%clk 0:40:26]} 18. Nxh5 {[%clk
0:32:52]} c5 {[%clk 0:35:53]} 19. a3 {[%clk 0:25:06]} cxd4 {[%clk 0:32:44]} 20.
cxd4 {[%clk 0:24:30]} Qd7 {[%clk 0:32:04]} 21. Qd2 {[%clk 0:17:19]} Bf5 {[%clk
0:27:33]} 22. g4 {[%clk 0:14:00]} Bxd3+ {[%clk 0:25:15]} 23. Qxd3 {[%clk
0:14:23]} Rxe1 {[%clk 0:24:41]} 24. Rxe1 {[%clk 0:14:51]} Qxg4 {[%clk 0:24:26]}
25. Ng3 {[%clk 0:11:40]} Rd8 {[%clk 0:19:42]} 26. Nf5 {[%clk 0:08:00]} Ne6 {[%clk
0:17:43]} 27. h3 {[%clk 0:05:54]} Qg2 {[%clk 0:12:56]} 28. Re4 {[%clk 0:05:31]}
Qh1 {[%clk 0:10:29]} 29. Kb2 {[%clk 0:03:34]} Be5 {[%clk 0:07:46]} 30. Ne7+
{[%clk 0:01:31]} Kf8 {[%clk 0:08:09]} 31. Nc6 {[%clk 0:01:49]} Rd6 {[%clk
0:07:12]} 32. Nxe5 {[%clk 0:01:35]} fxe5 {[%clk 0:07:36]} 33. Rxe5 {[%clk
0:01:21]} Rxd4 {[%clk 0:07:08]} 34. Qc3 {[%clk 0:00:52]} Qd1 {[%clk 0:06:09]} 35.
Be3 {[%clk 0:00:57]} Rd3 {[%clk 0:06:06]} 36. Qc8+ {[%clk 0:00:41]} Nd8 {[%clk
0:04:44]} 37. Qc1 {[%clk 0:00:33]} Qb3+ {[%clk 0:04:53]} 38. Ka1 {[%clk 0:00:59]}
Rd1 {[%clk 0:05:11]} 0-1

[Event "European Women's Championship"]
[Site "Vysoke Tatry"]
[Date "2018.04.09"]
[Round "2"]
[White "Kovanova, Baira"]
[Black "Kaliadzich, Maryia"]
[Result "1-0"]
[Board "43"]
[WhiteElo "2368"]
[WhiteTitle "WGM"]
[WhiteCountry "RUS"]
[WhiteFideId "4164083"]
[WhiteEloChange "3"]
[BlackElo "2078"]
[BlackCountry "BLR"]
[BlackFideId "13500015"]
[BlackEloChange "-3"]

1. Nf3 {[%clk 1:30:55]} d5 {[%clk 1:30:50]} 2. c4 {[%clk 1:31:21]} c6 {[%clk
1:31:09]} 3. e3 {[%clk 1:31:41]} Nf6 {[%clk 1:31:18]} 4. b3 {[%clk 1:32:07]} Bf5
{[%clk 1:29:56]} 5. Nc3 {[%clk 1:29:26]} e6 {[%clk 1:29:25]} 6. Be2 {[%clk
1:28:42]} h6 {[%clk 1:28:51]} 7. O-O {[%clk 1:28:20]} Nbd7 {[%clk 1:28:15]} 8.
Bb2 {[%clk 1:27:15]} Bd6 {[%clk 1:27:35]} 9. d3 {[%clk 1:25:10]} Qb8 {[%clk
1:11:02]} 10. cxd5 {[%clk 1:19:11]} exd5 {[%clk 1:09:24]} 11. e4 {[%clk 1:16:16]}
dxe4 {[%clk 0:37:37]} 12. dxe4 {[%clk 1:15:36]} Nxe4 {[%clk 0:37:35]} 13. Nxe4
{[%clk 1:13:23]} Bxe4 {[%clk 0:37:59]} 14. Bxg7 {[%clk 1:09:57]} Rg8 {[%clk
0:38:08]} 15. Qd4 {[%clk 1:08:38]} Bd5 {[%clk 0:26:21]} 16. Rfe1 {[%clk 1:00:39]}
Kd8 {[%clk 0:23:39]} 17. Bc4 {[%clk 0:58:55]} Bxf3 {[%clk 0:21:30]} 18. g3 {[%clk
0:22:23]} Kc7 {[%clk 0:20:50]} 19. Rad1 {[%clk 0:17:56]} Bxd1 {[%clk 0:20:36]}
20. Rxd1 {[%clk 0:17:59]} Bc5 {[%clk 0:13:51]} 21. Qxd7+ {[%clk 0:14:59]} Kb6
{[%clk 0:14:20]} 22. Bd4 {[%clk 0:12:25]} Rd8 {[%clk 0:12:03]} 23. Bxc5+ {[%clk
0:11:54]} Kxc5 {[%clk 0:12:28]} 24. Qe7+ {[%clk 0:10:14]} Kb6 {[%clk 0:12:46]}
25. Qb4+ {[%clk 0:07:21]} Kc7 {[%clk 0:13:13]} 26. Qa5+ {[%clk 0:06:07]} b6
{[%clk 0:13:37]} 27. Qe5+ {[%clk 0:06:20]} Kb7 {[%clk 0:14:01]} 28. Qe7+ {[%clk
0:06:42]} Qc7 {[%clk 0:14:25]} 29. Ba6+ {[%clk 0:06:49]} Kxa6 {[%clk 0:14:52]}
30. Qxc7 {[%clk 0:07:14]} Rxd1+ {[%clk 0:15:18]} 31. Kg2 {[%clk 0:07:40]} Rc1
{[%clk 0:11:13]} 32. a4 {[%clk 0:05:52]} Re8 {[%clk 0:08:12]} 33. b4 {[%clk
0:05:44]} Rc2 {[%clk 0:05:00]} 34. b5+ {[%clk 0:04:31]} Ka5 {[%clk 0:05:26]} 35.
Qxa7+ {[%clk 0:04:53]} Kb4 {[%clk 0:05:54]} 36. Qxf7 {[%clk 0:03:11]} Ree2 {[%clk
0:03:30]} 37. Qf4+ {[%clk 0:02:27]} Ka5 {[%clk 0:02:37]} 38. bxc6 {[%clk
0:01:38]} Rxc6 {[%clk 0:02:51]} 39. g4 {[%clk 0:01:02]} Rce6 {[%clk 0:01:52]} 40.
Qc4 {[%clk 0:31:15]} R6e5 {[%clk 0:31:15]} 41. Qc7 {[%clk 0:26:31]} Re6 {[%clk
0:27:53]} 42. Qd7 {[%clk 0:26:40]} Kb4 {[%clk 0:22:43]} 43. Kg3 {[%clk 0:23:48]}
Kc5 {[%clk 0:19:31]} 44. Qb5+ {[%clk 0:20:09]} Kd4 {[%clk 0:19:57]} 45. a5 {[%clk
0:17:50]} bxa5 {[%clk 0:20:21]} 46. Qxa5 {[%clk 0:18:18]} R2e5 {[%clk 0:11:58]}
47. Qd2+ {[%clk 0:17:40]} Kc5 {[%clk 0:12:22]} 48. h4 {[%clk 0:16:33]} Rd5 {[%clk
0:12:23]} 49. Qa5+ {[%clk 0:14:44]} Kd6 {[%clk 0:11:36]} 50. Qb4+ {[%clk
0:13:07]} Kd7 {[%clk 0:11:53]} 51. Qb7+ {[%clk 0:13:29]} Kd6 {[%clk 0:12:19]} 52.
f3 {[%clk 0:13:27]} Rde5 {[%clk 0:11:09]} 53. Qg7 {[%clk 0:13:26]} Re1 {[%clk
0:04:47]} 54. g5 {[%clk 0:12:26]} hxg5 {[%clk 0:03:50]} 55. hxg5 {[%clk 0:12:54]}
Rg1+ {[%clk 0:04:00]} 56. Kf4 {[%clk 0:13:04]} Rge1 {[%clk 0:04:08]} 57. g6
{[%clk 0:11:43]} Re7 {[%clk 0:01:40]} 58. Qf6+ {[%clk 0:10:58]} R7e6 {[%clk
0:01:08]} 59. Qd8+ {[%clk 0:10:18]} Kc5 {[%clk 0:01:13]} 60. g7 {[%clk 0:10:24]}
1-0

[Event "European Women's Championship"]
[Site "Vysoke Tatry"]
[Date "2018.04.09"]
[Round "2"]
[White "Ferkova, Dominika"]
[Black "Savina, Anastasia"]
[Result "0-1"]
[Board "44"]
[WhiteElo "2068"]
[WhiteCountry "SVK"]
[WhiteFideId "14933071"]
[WhiteEloChange "-3"]
[BlackElo "2358"]
[BlackTitle "IM"]
[BlackCountry "RUS"]
[BlackFideId "4196872"]
[BlackEloChange "3"]

1. d4 {[%clk 1:30:58]} Nf6 {[%clk 1:30:50]} 2. c4 {[%clk 1:31:22]} g6 {[%clk
1:31:15]} 3. Nc3 {[%clk 1:31:45]} Bg7 {[%clk 1:31:41]} 4. e4 {[%clk 1:32:09]} d6
{[%clk 1:32:08]} 5. f3 {[%clk 1:32:32]} O-O {[%clk 1:32:33]} 6. Be3 {[%clk
1:32:58]} c5 {[%clk 1:32:38]} 7. Nge2 {[%clk 1:33:01]} Nc6 {[%clk 1:32:57]} 8. d5
{[%clk 1:32:51]} Ne5 {[%clk 1:33:20]} 9. Ng3 {[%clk 1:32:58]} h5 {[%clk 1:33:25]}
10. Be2 {[%clk 1:32:41]} h4 {[%clk 1:33:03]} 11. Nf1 {[%clk 1:32:46]} e6 {[%clk
1:33:25]} 12. Bg5 {[%clk 1:32:39]} h3 {[%clk 1:29:52]} 13. Ne3 {[%clk 1:31:42]}
Qb6 {[%clk 1:05:42]} 14. Qd2 {[%clk 1:30:36]} Nh7 {[%clk 1:01:20]} 15. Bf4 {[%clk
1:26:51]} a6 {[%clk 0:47:14]} 16. gxh3 {[%clk 1:11:00]} Qd8 {[%clk 0:39:03]} 17.
h4 {[%clk 1:04:33]} b5 {[%clk 0:29:23]} 18. Bg3 {[%clk 0:47:43]} f5 {[%clk
0:17:25]} 19. f4 {[%clk 0:40:49]} Nxc4 {[%clk 0:11:15]} 20. Nxc4 {[%clk 0:33:50]}
bxc4 {[%clk 0:11:42]} 21. Bxc4 {[%clk 0:34:02]} e5 {[%clk 0:04:09]} 22. fxe5
{[%clk 0:27:20]} f4 {[%clk 0:04:28]} 23. Bxf4 {[%clk 0:23:43]} Rxf4 {[%clk
0:04:46]} 24. Qxf4 {[%clk 0:23:57]} Bxe5 {[%clk 0:05:11]} 25. Qh6 {[%clk
0:23:31]} Qf6 {[%clk 0:03:49]} 26. Rg1 {[%clk 0:12:17]} Bxc3+ {[%clk 0:01:41]}
27. Ke2 {[%clk 0:11:41]} Bf5 {[%clk 0:01:36]} 28. bxc3 {[%clk 0:09:20]} Bxe4
{[%clk 0:01:35]} 29. Raf1 {[%clk 0:07:49]} Qxc3 {[%clk 0:01:45]} 30. Rxg6+ {[%clk
0:04:25]} Kh8 {[%clk 0:01:34]} 31. Rc1 {[%clk 0:03:37]} Qb2+ {[%clk 0:00:37]} 32.
Kd1 {[%clk 0:02:55]} Qd4+ {[%clk 0:00:52]} 33. Ke2 {[%clk 0:03:18]} Qb2+ {[%clk
0:00:46]} 34. Kd1 {[%clk 0:03:45]} Bxg6 {[%clk 0:00:41]} 35. Qxg6 {[%clk
0:04:12]} Rg8 {[%clk 0:00:58]} 36. Qc2 {[%clk 0:03:24]} Rg1+ {[%clk 0:00:35]} 37.
Kd2 {[%clk 0:03:24]} Qd4+ {[%clk 0:00:43]} 38. Qd3 {[%clk 0:03:37]} Qf4+ {[%clk
0:00:41]} 39. Qe3 {[%clk 0:02:47]} Qxe3+ {[%clk 0:00:55]} 40. Kxe3 {[%clk
0:33:12]} Rxc1 {[%clk 0:31:21]} 41. Bxa6 {[%clk 0:33:10]} Nf6 {[%clk 0:31:06]}
42. Bb7 {[%clk 0:33:22]} Ra1 {[%clk 0:30:21]} 0-1

[Event "European Women's Championship"]
[Site "Vysoke Tatry"]
[Date "2018.04.09"]
[Round "2"]
[White "Cosma, Elena-Luminita"]
[Black "Huda, Maryana"]
[Result "1/2-1/2"]
[Board "45"]
[WhiteElo "2340"]
[WhiteTitle "WGM"]
[WhiteCountry "ROU"]
[WhiteFideId "1201590"]
[WhiteEloChange "-5"]
[BlackElo "2161"]
[BlackTitle "WGM"]
[BlackCountry "UKR"]
[BlackFideId "14116553"]
[BlackEloChange "5"]

1. d4 {[%clk 1:30:55]} Nf6 {[%clk 1:30:56]} 2. Nf3 {[%clk 1:31:19]} e6 {[%clk
1:31:20]} 3. c4 {[%clk 1:31:42]} b6 {[%clk 1:31:45]} 4. g3 {[%clk 1:32:06]} Bb7
{[%clk 1:32:11]} 5. Bg2 {[%clk 1:32:31]} g6 {[%clk 1:32:06]} 6. O-O {[%clk
1:31:04]} Bg7 {[%clk 1:32:33]} 7. Nc3 {[%clk 1:30:06]} Ne4 {[%clk 1:32:03]} 8.
Nxe4 {[%clk 1:28:21]} Bxe4 {[%clk 1:32:29]} 9. Bg5 {[%clk 1:28:41]} Qc8 {[%clk
1:31:48]} 10. Qd2 {[%clk 1:28:35]} O-O {[%clk 1:28:57]} 11. Bh6 {[%clk 1:26:17]}
d6 {[%clk 1:23:31]} 12. Qf4 {[%clk 1:14:05]} f5 {[%clk 1:18:18]} 13. Qh4 {[%clk
0:58:06]} Bxh6 {[%clk 1:07:16]} 14. Qxh6 {[%clk 0:58:27]} Qd7 {[%clk 1:04:34]}
15. Rfd1 {[%clk 0:56:47]} Nc6 {[%clk 1:01:36]} 16. d5 {[%clk 0:40:57]} Nd8 {[%clk
0:54:40]} 17. dxe6 {[%clk 0:14:23]} Qe7 {[%clk 0:45:26]} 18. Qh4 {[%clk 0:03:10]}
Re8 {[%clk 0:44:17]} 19. Qxe7 {[%clk 0:02:54]} Rxe7 {[%clk 0:44:43]} 20. Nd4
{[%clk 0:03:08]} Bxg2 {[%clk 0:44:27]} 21. Kxg2 {[%clk 0:03:34]} Nxe6 {[%clk
0:42:58]} 22. Nc6 {[%clk 0:02:44]} Ree8 {[%clk 0:38:52]} 23. Nb4 {[%clk 0:03:01]}
Kf7 {[%clk 0:36:21]} 24. e3 {[%clk 0:03:26]} a5 {[%clk 0:31:44]} 25. Nd5 {[%clk
0:03:43]} a4 {[%clk 0:31:12]} 26. Rac1 {[%clk 0:03:35]} Ra5 {[%clk 0:29:02]} 27.
h4 {[%clk 0:03:39]} Rc5 {[%clk 0:24:56]} 28. Nb4 {[%clk 0:03:39]} b5 {[%clk
0:15:22]} 29. cxb5 {[%clk 0:03:55]} Rxb5 {[%clk 0:15:41]} 30. Nd5 {[%clk
0:03:39]} Rxb2 {[%clk 0:12:43]} 31. Nxc7 {[%clk 0:04:03]} Nxc7 {[%clk 0:09:12]}
32. Rxc7+ {[%clk 0:04:29]} Re7 {[%clk 0:09:28]} 33. Rc4 {[%clk 0:04:09]} Rxa2
{[%clk 0:08:05]} 34. Rxd6 {[%clk 0:04:13]} Rxe3 {[%clk 0:05:59]} 35. Ra6 {[%clk
0:04:26]} Re7 {[%clk 0:03:38]} 1/2-1/2

[Event "European Women's Championship"]
[Site "Vysoke Tatry"]
[Date "2018.04.09"]
[Round "2"]
[White "Batyte, Daiva"]
[Black "Cibickova, Zuzana"]
[Result "1/2-1/2"]
[Board "46"]
[WhiteElo "2165"]
[WhiteTitle "WFM"]
[WhiteCountry "LTU"]
[WhiteFideId "12801860"]
[WhiteEloChange "4"]
[BlackElo "2327"]
[BlackTitle "WGM"]
[BlackCountry "SVK"]
[BlackFideId "14905779"]
[BlackEloChange "-4"]

1. c4 {[%clk 1:30:56]} e5 {[%clk 1:30:47]} 2. g3 {[%clk 1:31:02]} Nf6 {[%clk
1:30:29]} 3. Bg2 {[%clk 1:30:35]} c6 {[%clk 1:30:03]} 4. e3 {[%clk 1:16:32]} d5
{[%clk 1:24:38]} 5. cxd5 {[%clk 1:16:18]} cxd5 {[%clk 1:21:40]} 6. Ne2 {[%clk
1:14:13]} Be7 {[%clk 1:16:22]} 7. d4 {[%clk 1:07:16]} e4 {[%clk 1:15:42]} 8. O-O
{[%clk 1:04:50]} O-O {[%clk 1:07:57]} 9. Nbc3 {[%clk 1:04:47]} Bg4 {[%clk
0:54:02]} 10. f3 {[%clk 0:54:50]} exf3 {[%clk 0:52:48]} 11. Bxf3 {[%clk 0:51:38]}
Bxf3 {[%clk 0:53:06]} 12. Rxf3 {[%clk 0:52:00]} Qd7 {[%clk 0:48:16]} 13. Qf1
{[%clk 0:43:10]} Nc6 {[%clk 0:47:11]} 14. Rf5 {[%clk 0:38:33]} Rad8 {[%clk
0:42:53]} 15. Qf3 {[%clk 0:35:35]} Bb4 {[%clk 0:33:43]} 16. Qf1 {[%clk 0:31:47]}
Bxc3 {[%clk 0:32:02]} 17. Nxc3 {[%clk 0:30:16]} Qe6 {[%clk 0:31:57]} 18. Rf3
{[%clk 0:22:21]} Ne7 {[%clk 0:17:41]} 19. Bd2 {[%clk 0:21:10]} Ng6 {[%clk
0:12:25]} 20. Re1 {[%clk 0:19:51]} Rd7 {[%clk 0:11:35]} 21. Qg2 {[%clk 0:19:01]}
Ne4 {[%clk 0:06:45]} 22. Nxe4 {[%clk 0:17:58]} Qxe4 {[%clk 0:07:01]} 23. Qf2
{[%clk 0:17:04]} Rc8 {[%clk 0:06:19]} 24. Bc3 {[%clk 0:17:10]} f6 {[%clk
0:04:46]} 25. h4 {[%clk 0:17:19]} h6 {[%clk 0:04:42]} 26. h5 {[%clk 0:16:18]} Nf8
{[%clk 0:05:03]} 27. Rf4 {[%clk 0:15:58]} Qe8 {[%clk 0:05:26]} 28. Rf5 {[%clk
0:15:40]} Nh7 {[%clk 0:04:19]} 29. Qg2 {[%clk 0:15:38]} Qe6 {[%clk 0:02:55]} 30.
e4 {[%clk 0:14:46]} dxe4 {[%clk 0:02:06]} 31. Qxe4 {[%clk 0:15:05]} Qd6 {[%clk
0:01:01]} 32. Qe6+ {[%clk 0:14:05]} Qxe6 {[%clk 0:01:27]} 33. Rxe6 {[%clk
0:14:30]} Ng5 {[%clk 0:01:50]} 34. Re2 {[%clk 0:14:05]} Rcd8 {[%clk 0:02:06]} 35.
a4 {[%clk 0:13:14]} Kf7 {[%clk 0:02:19]} 36. Kg2 {[%clk 0:13:20]} Ne6 {[%clk
0:01:48]} 37. Rb5 {[%clk 0:13:19]} b6 {[%clk 0:01:18]} 38. a5 {[%clk 0:13:25]}
Nc7 {[%clk 0:00:53]} 39. Rf5 {[%clk 0:13:19]} b5 {[%clk 0:00:48]} 40. Rc5 {[%clk
0:42:19]} Rb8 {[%clk 0:30:36]} 41. Be1 {[%clk 0:36:50]} Ne6 {[%clk 0:26:38]} 42.
Rc3 {[%clk 0:36:36]} Re8 {[%clk 0:21:01]} 43. Rd2 {[%clk 0:33:17]} Rd5 {[%clk
0:20:24]} 44. Bf2 {[%clk 0:32:45]} Red8 {[%clk 0:19:53]} 45. g4 {[%clk 0:26:18]}
Ke7 {[%clk 0:14:56]} 46. Rf3 {[%clk 0:22:31]} a6 {[%clk 0:11:47]} 47. Rf5 {[%clk
0:21:12]} R8d7 {[%clk 0:08:28]} 48. Re2 {[%clk 0:19:37]} Kf7 {[%clk 0:08:48]} 49.
Rc2 {[%clk 0:19:44]} Nxd4 {[%clk 0:05:30]} 50. Rxd5 {[%clk 0:19:46]} Rxd5 {[%clk
0:05:58]} 51. Rc7+ {[%clk 0:17:01]} Kg8 {[%clk 0:04:52]} 52. Ra7 {[%clk 0:14:09]}
Rd6 {[%clk 0:05:13]} 53. Bxd4 {[%clk 0:14:10]} Rxd4 {[%clk 0:05:42]} 54. Kf3
{[%clk 0:14:32]} Rb4 {[%clk 0:04:37]} 55. Rxa6 {[%clk 0:14:52]} Rxb2 {[%clk
0:05:05]} 56. Rb6 {[%clk 0:13:57]} Rb4 {[%clk 0:03:35]} 57. a6 {[%clk 0:13:19]}
Ra4 {[%clk 0:04:00]} 58. Rxb5 {[%clk 0:12:00]} Rxa6 {[%clk 0:04:28]} 59. Rb8+
{[%clk 0:12:19]} Kh7 {[%clk 0:04:46]} 60. Rb7 {[%clk 0:12:24]} Ra5 {[%clk
0:05:11]} 61. Kf4 {[%clk 0:12:40]} Re5 {[%clk 0:05:20]} 62. Rb8 {[%clk 0:11:19]}
Re7 {[%clk 0:05:14]} 63. Kf5 {[%clk 0:09:51]} Rc7 {[%clk 0:05:05]} 64. Kf4 {[%clk
0:09:43]} Ra7 {[%clk 0:04:19]} 65. Rc8 {[%clk 0:09:58]} Ra4+ {[%clk 0:04:11]} 66.
Kf5 {[%clk 0:10:11]} Ra5+ {[%clk 0:04:36]} 67. Kf4 {[%clk 0:10:36]} g5+ {[%clk
0:04:35]} 68. Kf3 {[%clk 0:07:02]} Re5 {[%clk 0:02:51]} 69. Rc7+ {[%clk 0:07:04]}
Kg8 {[%clk 0:03:16]} 70. Rb7 {[%clk 0:06:34]} Re1 {[%clk 0:02:36]} 71. Kf2 {[%clk
0:06:46]} Re4 {[%clk 0:02:58]} 72. Kg3 {[%clk 0:06:46]} Re3+ {[%clk 0:02:51]} 73.
Kf2 {[%clk 0:07:07]} Re8 {[%clk 0:02:59]} 74. Kf3 {[%clk 0:07:13]} Re5 {[%clk
0:03:02]} 75. Kg3 {[%clk 0:07:14]} Re6 {[%clk 0:01:00]} 76. Kf3 {[%clk 0:07:26]}
Re8 {[%clk 0:01:26]} 77. Ra7 {[%clk 0:07:42]} Kh8 {[%clk 0:01:15]} 78. Rf7 {[%clk
0:07:59]} Re1 {[%clk 0:01:17]} 79. Kf2 {[%clk 0:07:54]} Re6 {[%clk 0:01:32]} 80.
Kf3 {[%clk 0:08:02]} Kg8 {[%clk 0:01:48]} 81. Ra7 {[%clk 0:08:26]} Re5 {[%clk
0:02:08]} 82. Kg3 {[%clk 0:08:44]} f5 {[%clk 0:02:24]} 83. gxf5 {[%clk 0:07:08]}
Rxf5 {[%clk 0:02:48]} 84. Ra6 {[%clk 0:07:28]} Kg7 {[%clk 0:03:02]} 85. Rg6+
{[%clk 0:07:43]} Kh7 {[%clk 0:03:31]} 86. Ra6 {[%clk 0:08:04]} Rf4 {[%clk
0:03:45]} 87. Ra7+ {[%clk 0:08:22]} Kg8 {[%clk 0:04:09]} 88. Ra6 {[%clk 0:08:47]}
Kg7 {[%clk 0:04:37]} 89. Rg6+ {[%clk 0:09:08]} Kh7 {[%clk 0:05:06]} 90. Ra6
{[%clk 0:09:30]} Rh4 {[%clk 0:05:30]} 91. Ra7+ {[%clk 0:09:12]} Kg8 {[%clk
0:05:56]} 92. Rb7 {[%clk 0:09:30]} Kf8 {[%clk 0:06:00]} 93. Rh7 {[%clk 0:09:34]}
Rxh5 {[%clk 0:06:24]} 94. Kg4 {[%clk 0:09:49]} Rh1 {[%clk 0:06:06]} 95. Kf5
{[%clk 0:09:52]} Rf1+ {[%clk 0:06:11]} 96. Ke5 {[%clk 0:09:06]} Re1+ {[%clk
0:03:22]} 97. Kf5 {[%clk 0:09:21]} Rf1+ {[%clk 0:03:52]} 98. Ke5 {[%clk 0:09:44]}
Kg8 {[%clk 0:04:10]} 99. Rxh6 {[%clk 0:10:02]} Kg7 {[%clk 0:04:38]} 100. Ra6
{[%clk 0:10:13]} Rf4 {[%clk 0:04:24]} 101. Rb6 {[%clk 0:10:27]} Kh7 {[%clk
0:04:46]} 102. Ra6 {[%clk 0:10:47]} Rf7 {[%clk 0:05:09]} 103. Ke4 {[%clk
0:09:39]} g4 {[%clk 0:04:35]} 104. Ke3 {[%clk 0:09:38]} Rf3+ {[%clk 0:02:15]}
105. Ke2 {[%clk 0:10:00]} Rf5 {[%clk 0:02:26]} 106. Ra4 {[%clk 0:09:57]} Rg5
{[%clk 0:02:49]} 107. Kf2 {[%clk 0:09:45]} Kg6 {[%clk 0:03:10]} 108. Kg3 {[%clk
0:09:53]} Kh5 {[%clk 0:03:30]} 109. Ra8 {[%clk 0:10:04]} Rb5 {[%clk 0:03:01]}
110. Rh8+ {[%clk 0:10:27]} Kg5 {[%clk 0:03:26]} 111. Rg8+ {[%clk 0:10:51]} Kh5
{[%clk 0:03:53]} 112. Rh8+ {[%clk 0:11:14]} 1/2-1/2

[Event "European Women's Championship"]
[Site "Vysoke Tatry"]
[Date "2018.04.09"]
[Round "2"]
[White "Tomilova, Elena"]
[Black "Dwilewicz, Katarzyna"]
[Result "1-0"]
[Board "47"]
[WhiteElo "2326"]
[WhiteTitle "WIM"]
[WhiteCountry "RUS"]
[WhiteFideId "4162340"]
[WhiteEloChange "2"]
[BlackElo "1967"]
[BlackTitle "WFM"]
[BlackCountry "POL"]
[BlackFideId "1148486"]
[BlackEloChange "-2"]

1. Nf3 {[%clk 1:30:58]} Nf6 {[%clk 1:30:15]} 2. c4 {[%clk 1:31:16]} e6 {[%clk
1:30:25]} 3. g3 {[%clk 1:31:36]} d5 {[%clk 1:30:03]} 4. b3 {[%clk 1:31:53]} c5
{[%clk 1:29:51]} 5. Bg2 {[%clk 1:32:10]} Nc6 {[%clk 1:29:58]} 6. O-O {[%clk
1:32:33]} Bd6 {[%clk 1:26:00]} 7. cxd5 {[%clk 1:31:37]} exd5 {[%clk 1:26:21]} 8.
d4 {[%clk 1:31:36]} O-O {[%clk 1:20:12]} 9. Nc3 {[%clk 1:25:24]} cxd4 {[%clk
0:51:04]} 10. Nb5 {[%clk 1:22:03]} Bc5 {[%clk 0:50:06]} 11. Nbxd4 {[%clk
1:21:47]} Nxd4 {[%clk 0:42:57]} 12. Nxd4 {[%clk 1:22:04]} Qb6 {[%clk 0:43:01]}
13. Bb2 {[%clk 1:21:39]} Bg4 {[%clk 0:43:07]} 14. h3 {[%clk 1:07:12]} Bh5 {[%clk
0:41:14]} 15. g4 {[%clk 1:01:24]} Bg6 {[%clk 0:41:29]} 16. e3 {[%clk 1:01:32]}
Rfe8 {[%clk 0:40:38]} 17. Rc1 {[%clk 1:01:38]} Rac8 {[%clk 0:36:03]} 18. g5
{[%clk 0:53:20]} Ne4 {[%clk 0:23:06]} 19. Qg4 {[%clk 0:52:17]} f6 {[%clk
0:08:42]} 20. gxf6 {[%clk 0:43:46]} Nxf6 {[%clk 0:07:09]} 21. Qg5 {[%clk
0:43:38]} Kh8 {[%clk 0:04:30]} 22. h4 {[%clk 0:34:25]} Be4 {[%clk 0:02:36]} 23.
Bh3 {[%clk 0:31:35]} Rc7 {[%clk 0:02:32]} 24. Nf5 {[%clk 0:27:43]} Rf7 {[%clk
0:02:42]} 25. Kh2 {[%clk 0:21:20]} Bd6+ {[%clk 0:02:07]} 26. Nxd6 {[%clk
0:21:10]} Qxd6+ {[%clk 0:02:35]} 27. f4 {[%clk 0:18:29]} h6 {[%clk 0:02:44]} 28.
Qg3 {[%clk 0:16:41]} Nh5 {[%clk 0:03:08]} 29. Qg4 {[%clk 0:17:00]} Nf6 {[%clk
0:03:36]} 30. Qe2 {[%clk 0:15:45]} Qe7 {[%clk 0:01:19]} 31. Rg1 {[%clk 0:15:24]}
d4 {[%clk 0:00:57]} 32. Bxd4 {[%clk 0:15:05]} Nd5 {[%clk 0:01:26]} 33. Qh5 {[%clk
0:14:40]} Kh7 {[%clk 0:01:11]} 34. Bg2 {[%clk 0:06:44]} g6 {[%clk 0:01:00]} 35.
Bxe4 {[%clk 0:06:48]} Qxe4 {[%clk 0:01:28]} 36. Qg4 {[%clk 0:07:03]} h5 {[%clk
0:00:37]} 37. Qg5 {[%clk 0:06:10]} a5 {[%clk 0:00:37]} 38. Rc5 {[%clk 0:05:58]}
Qf5 {[%clk 0:00:36]} 39. Rxd5 {[%clk 0:06:12]} 1-0

[Event "European Women's Championship"]
[Site "Vysoke Tatry"]
[Date "2018.04.09"]
[Round "2"]
[White "Belenkaya, Dina"]
[Black "Nadzamova, Viktoria"]
[Result "1-0"]
[Board "48"]
[WhiteElo "2308"]
[WhiteTitle "WGM"]
[WhiteCountry "RUS"]
[WhiteFideId "24142654"]
[WhiteEloChange "2"]
[BlackElo "1766"]
[BlackTitle "WCM"]
[BlackCountry "SVK"]
[BlackFideId "14943999"]
[BlackEloChange "-2"]

1. e4 {[%clk 1:30:57]} c5 {[%clk 1:30:53]} 2. Nf3 {[%clk 1:31:23]} e6 {[%clk
1:31:16]} 3. g3 {[%clk 1:31:49]} Nc6 {[%clk 1:31:40]} 4. Bg2 {[%clk 1:32:15]} Nf6
{[%clk 1:32:03]} 5. Qe2 {[%clk 1:32:41]} e5 {[%clk 1:32:19]} 6. c3 {[%clk
1:31:09]} Be7 {[%clk 1:31:53]} 7. d3 {[%clk 1:30:55]} O-O {[%clk 1:30:54]} 8. O-O
{[%clk 1:30:25]} Re8 {[%clk 1:19:32]} 9. Na3 {[%clk 1:26:11]} h6 {[%clk 1:03:23]}
10. Nc4 {[%clk 1:25:46]} Bf8 {[%clk 1:02:55]} 11. Re1 {[%clk 1:24:30]} d6 {[%clk
0:55:28]} 12. Qf1 {[%clk 1:18:54]} Be6 {[%clk 0:53:08]} 13. Ne3 {[%clk 1:08:25]}
Qc7 {[%clk 0:51:19]} 14. Nh4 {[%clk 1:07:21]} Rad8 {[%clk 0:47:36]} 15. Nd5
{[%clk 1:04:36]} Qc8 {[%clk 0:41:13]} 16. f4 {[%clk 0:49:05]} exf4 {[%clk
0:35:07]} 17. Nxf6+ {[%clk 0:46:33]} gxf6 {[%clk 0:35:11]} 18. Bxf4 {[%clk
0:44:10]} Bg7 {[%clk 0:32:51]} 19. h3 {[%clk 0:40:47]} d5 {[%clk 0:30:44]} 20.
exd5 {[%clk 0:38:48]} Rxd5 {[%clk 0:29:14]} 21. Bxd5 {[%clk 0:38:30]} Bxd5 {[%clk
0:29:35]} 22. Rxe8+ {[%clk 0:38:05]} Qxe8 {[%clk 0:29:57]} 23. Nf5 {[%clk
0:36:54]} Kh7 {[%clk 0:28:48]} 24. Nxg7 {[%clk 0:33:03]} Kxg7 {[%clk 0:29:08]}
25. Qf2 {[%clk 0:32:04]} b6 {[%clk 0:27:25]} 26. Re1 {[%clk 0:31:19]} Qd7 {[%clk
0:26:53]} 27. g4 {[%clk 0:30:44]} Qd8 {[%clk 0:21:15]} 28. Qh4 {[%clk 0:27:31]}
Qh8 {[%clk 0:21:14]} 29. a3 {[%clk 0:23:31]} Be6 {[%clk 0:19:07]} 30. Rf1 {[%clk
0:22:20]} Ne7 {[%clk 0:17:34]} 31. Be5 {[%clk 0:20:42]} fxe5 {[%clk 0:14:42]} 32.
Qxe7 {[%clk 0:20:43]} Qb8 {[%clk 0:14:34]} 33. Qf6+ {[%clk 0:18:46]} Kh7 {[%clk
0:14:09]} 34. g5 {[%clk 0:18:09]} hxg5 {[%clk 0:13:39]} 35. Qxg5 {[%clk 0:18:29]}
Qg8 {[%clk 0:13:45]} 36. Qxg8+ {[%clk 0:16:52]} Kxg8 {[%clk 0:14:07]} 37. h4
{[%clk 0:08:52]} Kg7 {[%clk 0:10:54]} 38. d4 {[%clk 0:08:17]} cxd4 {[%clk
0:10:28]} 39. cxd4 {[%clk 0:08:45]} e4 {[%clk 0:10:49]} 40. Kf2 {[%clk 0:39:01]}
Kg6 {[%clk 0:40:29]} 41. Ke3 {[%clk 0:39:24]} f5 {[%clk 0:40:42]} 42. Kf4 {[%clk
0:39:49]} Kf6 {[%clk 0:41:07]} 43. Rg1 {[%clk 0:38:19]} Bf7 {[%clk 0:40:05]} 44.
Rg5 {[%clk 0:38:40]} Bg6 {[%clk 0:40:16]} 45. h5 {[%clk 0:38:56]} Bh7 {[%clk
0:40:24]} 46. Rg3 {[%clk 0:39:19]} b5 {[%clk 0:40:00]} 47. d5 {[%clk 0:39:45]}
1-0